<?xml version="1.0" encoding="UTF-8"?>
<record
    xmlns:xsi="http://www.w3.org/2001/XMLSchema-instance"
    xsi:schemaLocation="http://www.loc.gov/MARC21/slim http://www.loc.gov/standards/marcxml/schema/MARC21slim.xsd"
    xmlns="http://www.loc.gov/MARC21/slim">

  <leader>01372nam a2200277   4500</leader>
  <controlfield tag="005">20260416165559.0</controlfield>
  <controlfield tag="008">260416b        |||||||| |||| 00| 0 eng d</controlfield>
  <datafield tag="020" ind1=" " ind2=" ">
    <subfield code="a">9789389691481</subfield>
  </datafield>
  <datafield tag="040" ind1=" " ind2=" ">
    <subfield code="c">AL</subfield>
  </datafield>
  <datafield tag="041" ind1=" " ind2=" ">
    <subfield code="a">eng</subfield>
  </datafield>
  <datafield tag="082" ind1=" " ind2=" ">
    <subfield code="a">621.381</subfield>
    <subfield code="b">PALS</subfield>
  </datafield>
  <datafield tag="100" ind1=" " ind2=" ">
    <subfield code="a">James Palmer</subfield>
    <subfield code="9">261968</subfield>
  </datafield>
  <datafield tag="100" ind1=" " ind2=" ">
    <subfield code="9">261961</subfield>
  </datafield>
  <datafield tag="245" ind1=" " ind2=" ">
    <subfield code="a">Schaums outline of theory and problems of introduction to digital systems</subfield>
  </datafield>
  <datafield tag="260" ind1=" " ind2=" ">
    <subfield code="a">Chennai</subfield>
    <subfield code="b">McGraw Hill Education India Pvt Ltd</subfield>
    <subfield code="c">2020</subfield>
  </datafield>
  <datafield tag="300" ind1=" " ind2=" ">
    <subfield code="a">vii,395p</subfield>
    <subfield code="b">PB</subfield>
    <subfield code="c">28x21cm</subfield>
  </datafield>
  <datafield tag="365" ind1=" " ind2=" ">
    <subfield code="2">Computer Science and Engineering</subfield>
    <subfield code="a">VBI-2645</subfield>
    <subfield code="b">&#x20B9;543.75</subfield>
    <subfield code="c">&#x20B9;</subfield>
    <subfield code="d">&#x20B9;725.00</subfield>
    <subfield code="e">25%</subfield>
    <subfield code="f">20-02-2026</subfield>
  </datafield>
  <datafield tag="440" ind1=" " ind2=" ">
    <subfield code="a">Schaums oultine series</subfield>
    <subfield code="9">261810</subfield>
  </datafield>
  <datafield tag="520" ind1=" " ind2=" ">
    <subfield code="a">This invaluable book teaches readers a unified design methodology. After providing some introductory material, it guides students through msi and LSI combinatorial Loci elements, emphasizing devices that can be programmed for specific applications. The rest of the book deals mainly with synchronous sequential logic. Throughout, problems with step-by-step solutions and delayed answers help readers gauge their progress, deepen their comprehension, and sharpen their analytical skills.</subfield>
  </datafield>
  <datafield tag="650" ind1=" " ind2=" ">
    <subfield code="a">Binary System</subfield>
    <subfield code="9">261969</subfield>
  </datafield>
  <datafield tag="650" ind1=" " ind2=" ">
    <subfield code="a">Combination Logic</subfield>
    <subfield code="9">261970</subfield>
  </datafield>
  <datafield tag="650" ind1=" " ind2=" ">
    <subfield code="a">MSI LSI Elements</subfield>
    <subfield code="9">261971</subfield>
  </datafield>
  <datafield tag="650" ind1=" " ind2=" ">
    <subfield code="a">Timing Diagrams</subfield>
    <subfield code="9">261972</subfield>
  </datafield>
  <datafield tag="700" ind1=" " ind2=" ">
    <subfield code="a">Perlman, David E</subfield>
    <subfield code="9">261973</subfield>
  </datafield>
  <datafield tag="942" ind1=" " ind2=" ">
    <subfield code="2">ddc</subfield>
    <subfield code="c">BK</subfield>
  </datafield>
  <datafield tag="999" ind1=" " ind2=" ">
    <subfield code="c">241276</subfield>
    <subfield code="d">241276</subfield>
  </datafield>
  <datafield tag="952" ind1=" " ind2=" ">
    <subfield code="0">0</subfield>
    <subfield code="1">0</subfield>
    <subfield code="2">ddc</subfield>
    <subfield code="4">0</subfield>
    <subfield code="7">0</subfield>
    <subfield code="8">ECE </subfield>
    <subfield code="a">SE</subfield>
    <subfield code="b">SE</subfield>
    <subfield code="d">2026-04-13</subfield>
    <subfield code="e">Vidyarthi books</subfield>
    <subfield code="g">543.75</subfield>
    <subfield code="l">0</subfield>
    <subfield code="o">621.381 PALS</subfield>
    <subfield code="p">SE000530</subfield>
    <subfield code="r">2026-04-16 16:57:39</subfield>
    <subfield code="v">725.00</subfield>
    <subfield code="w">2026-02-20</subfield>
    <subfield code="y">BK</subfield>
  </datafield>
</record>
